Fundamentos de teledetección espacial
Αποθηκεύτηκε σε:
| Κύριος συγγραφέας: | |
|---|---|
| Μορφή: | Βιβλίο |
| Γλώσσα: | Ισπανικά |
| Έκδοση: |
Madrid
Rialp
1996
|
| Έκδοση: | 3a. ed |
| Θέματα: | |
| Ετικέτες: |
Προσθήκη ετικέτας
Δεν υπάρχουν, Καταχωρήστε ετικέτα πρώτοι!
|
MARC
| LEADER | 00000nam a2200000 a 4500 | ||
|---|---|---|---|
| 001 | UCO4415 | ||
| 003 | CL-VaPUC | ||
| 008 | 000804e19960000SP |||||||||||||||||spa|d | ||
| 082 | 0 | 4 | |a 621.367 |b CHU |2 21 |
| 100 | 0 | |a Chuvieco Salinero, Emilio |e author |9 448908 | |
| 245 | 1 | 0 | |a Fundamentos de teledetección espacial |
| 250 | |a 3a. ed | ||
| 300 | |a 568 p | ||
| 942 | |c BK | ||
| 945 | |d 20000804 00:00:00 |a vberengu | ||
| 260 | |a Madrid |b Rialp |c 1996 | ||
| 500 | |a ALGUNOS EJEMPLARES EN INST.DE GEOGRAFIA POR PROY.MINEDUC | ||
| 650 | 7 | |a INTERPRETACION DE FOTOGRAFIAS |2 CL-VaPUC |9 321769 | |
| 650 | 7 | |a PERCEPCION REMOTA |2 CL-VaPUC |9 448909 | |
| 583 | |a last modification |c 20000804 00:00:00 |k Rodrigo Vera | ||
| 999 | |c 290458 |d 290456 | ||
| 952 | |0 0 |1 0 |4 0 |6 621_367000000000000_CHU_1996 |7 0 |8 A |9 339895 |a BIBING |b BIBING |d 2019-11-20 |i 3638200 |l 2 |o 621.367 CHU 1996 |p 3638200 |r 2025-01-20 |s 2024-08-12 |w 2019-11-20 |y BK |k GEO | ||
| 952 | |0 0 |1 0 |4 0 |6 621_367000000000000_CHU_1996 |7 0 |8 A |9 339896 |a BIBING |b BIBING |d 2019-11-20 |i 3786358 |o 621.367 CHU 1996 |p 3786358 |r 2023-03-02 |w 2019-11-20 |y BK |k GEO | ||